000 00496nam a2200181Ia 4500
008 151018s9999 xx 000 0 und d
082 _bRBASDV44058
_a891.463
100 _aल गो पंडितराव
245 _aधग
250 _b1
260 _bअभिनंदन कणकवली
_c2007
300 _a128
600 _aल गो पंडितराव
630 _aधग
700 _aल गो पंडितराव
730 _aधग
942 _cBOOK
999 _c1043260
_d1043257